[Event "Challenge"]
[Site "http://www.queenalice.com/game.php?id=531898"]
[Date "2009.1.30"]
[Round "-"]
[White "PromotedPawn"]
[Black "general_zod"]
[Result "1-0"]
[WhiteElo "1717"]
[BlackElo "1262"]

1. e4 e5 2. Nf3 Nc6 3. Bb5 a6 4. Bxc6 dxc6 5. O-O Bd6 6. d4 Bg4 7. dxe5 Bxf3 8.
Qxf3 Bxe5 9. Nc3 Qf6 10. Qd3 Rd8 11. Qe3 Ne7 12. Ne2 1-0

[Event "AUTO-ADV-1259"]
[Site "http://www.queenalice.com/game.php?id=558266"]
[Date "2009.3.19"]
[Round "1"]
[White "tewald"]
[Black "PromotedPawn"]
[Result "0-1"]
[WhiteElo "1836"]
[BlackElo "1843"]

1. e4 e5 2. Nf3 Nc6 3. g3 Nf6 4. d3 Bc5 5. Bg2 d6 6. O-O Bg4 7. h3 Be6 8. c3 d5
9. exd5 Bxd5 10. Nbd2 O-O 11. Re1 Re8 12. a4 e4 13. dxe4 Nxe4 14. Nxe4 Bxe4 15.
Bf4 Qf6 16. b4 Bb6 17. a5 Bxf2+ 18. Kxf2 Qxc3 19. Bd2 Qf6 20. Re3 Rad8 21. Rxe4
Rxe4 22. Rb1 h6 23. Qc2 Rde8 24. Bf1 Nd4 25. Qc3 b6 26. Re1 Nxf3 27. Rxe4 Rxe4
0-1

[Event "AUTO-ADV-1259"]
[Site "http://www.queenalice.com/game.php?id=558267"]
[Date "2009.3.19"]
[Round "1"]
[White "PromotedPawn"]
[Black "tewald"]
[Result "0-1"]
[WhiteElo "1859"]
[BlackElo "1810"]

1. e4 e6 2. d4 d5 3. Nd2 Nf6 4. e5 Nfd7 5. Bd3 c5 6. c3 cxd4 7. cxd4 Qb6 8. Ndf3
f6 9. exf6 Nxf6 10. Ne2 Bd6 11. b3 O-O 12. O-O Qc7 13. Bg5 Nbd7 14. Rc1 Qb8 15.
Qd2 b6 16. Nf4 h6 17. Bh4 Bxf4 18. Rxc8 Bxd2 19. Rxb8 Raxb8 20. Nxd2 Rbc8 21.
Bb5 Rc2 22. Nf3 g5 23. Bg3 Rxa2 24. Ne5 Nxe5 25. Bxe5 Rb2 26. Ba4 a6 27. Bc6
Rxb3 28. Bd6 Rf7 29. h3 Ne4 30. Be5 b5 31. Ra1 Rxf2 32. Rxa6 Rb1+ 33. Kh2 Rff1
34. Ra8+ Rf8 35. Rxf8+ Kxf8 36. Bc7 Rc1 0-1

[Event "AUTO-ADV-1259"]
[Site "http://www.queenalice.com/game.php?id=558278"]
[Date "2009.3.19"]
[Round "1"]
[White "C_E_L_E"]
[Black "PromotedPawn"]
[Result "0-1"]
[WhiteElo "1788"]
[BlackElo "1814"]

1. d4 d5 2. c4 e6 3. e3 Nf6 4. Nf3 Nbd7 5. Bd3 c6 6. O-O dxc4 7. Bxc4 b5 8. Bd3
Bd6 9. a3 O-O 10. b4 e5 11. dxe5 Nxe5 12. Be2 Bg4 13. Bb2 Qe7 14. Nxe5 Bxe5 15.
Bxe5 Qxe5 16. Ra2 Be6 17. Rd2 Ne4 18. Rd4 a5 19. Qc2 Bd5 20. f3 Nf6 21. Qd2 axb4
0-1

[Event "AUTO-ADV-1259"]
[Site "http://www.queenalice.com/game.php?id=558279"]
[Date "2009.3.19"]
[Round "1"]
[White "PromotedPawn"]
[Black "C_E_L_E"]
[Result "1-0"]
[WhiteElo "1829"]
[BlackElo "1773"]

1. e4 c5 2. Nf3 Nc6 3. Bb5 d6 4. O-O Bd7 5. Re1 e5 6. c3 Nf6 7. a3 Be7 8. Bc4 a6
9. Ng5 O-O 10. Bf1 b5 11. d3 a5 12. Be3 b4 13. axb4 axb4 14. Rxa8 Qxa8 15. Qf3
h6 16. Nh3 Qb7 17. Nd2 Ra8 18. Qg3 Qc8 19. Bxh6 Nh5 20. Qe3 gxh6 21. Qxh6 1-0

[Event "AUTO-ADV-1259"]
[Site "http://www.queenalice.com/game.php?id=558286"]
[Date "2009.3.19"]
[Round "1"]
[White "PromotedPawn"]
[Black "Richardlim"]
[Result "0-1"]
[WhiteElo "1821"]
[BlackElo "2170"]

1. e4 e5 2. Nf3 Nc6 3. Bb5 Nd4 4. Nxd4 exd4 5. O-O Qe7 6. d3 Qe5 7. Bc4 Bd6 8.
g3 h5 9. Bf4 Qc5 10. Bxd6 Qxd6 11. Qf3 Qf6 12. Nd2 Qxf3 13. Nxf3 c5 14. Ng5 Nh6
15. c3 O-O 16. cxd4 cxd4 17. Rac1 Ng4 18. Bd5 Ne5 19. Rfd1 Nc6 20. Rc4 Rb8 21.
b4 b5 22. Rc5 Nxb4 23. Bb3 a5 24. Rf5 d5 25. Rf4 f6 26. Nf3 g5 27. Nxg5 fxg5 28.
Rxf8+ Kxf8 29. a3 a4 30. Bxd5 Nxd5 0-1

[Event "AUTO-ADV-1259"]
[Site "http://www.queenalice.com/game.php?id=558287"]
[Date "2009.3.19"]
[Round "1"]
[White "Richardlim"]
[Black "PromotedPawn"]
[Result "1-0"]
[WhiteElo "2172"]
[BlackElo "1819"]

1. e4 e5 2. d4 exd4 3. Qxd4 Nc6 4. Qd5 Nf6 5. Qc4 d5 6. exd5 Nxd5 7. Qe4+ Be6 8.
Bb5 Bb4+ 9. c3 Bc5 10. Bxc6+ bxc6 11. b4 Bb6 12. Qe5 O-O 13. Qg3 Qe7 14. Ne2 c5
15. c4 Nxb4 16. Na3 Bxc4 17. Nxc4 Nc2+ 18. Kf1 Nxa1 19. Bb2 g6 20. Qc3 f6 21.
Bxa1 Rae8 22. Ng3 Qd7 23. f3 Qd1+ 24. Kf2 Qd4+ 25. Qxd4 cxd4 26. Nxb6 cxb6 27.
Rd1 Rd8 28. Bxd4 f5 29. Ne2 b5 30. Rb1 1-0

[Event "AUTO-INT-1102"]
[Site "http://www.queenalice.com/game.php?id=574346"]
[Date "2009.4.19"]
[Round "2"]
[White "WilsonFerreira"]
[Black "PromotedPawn"]
[Result "1-0"]
[WhiteElo "1982"]
[BlackElo "1841"]

1. e4 e5 2. Nf3 Nc6 3. Bc4 Bc5 4. d3 Nf6 5. O-O Na5 6. Nbd2 Nxc4 7. Nxc4 d5 8.
Ncxe5 dxe4 9. dxe4 Be6 10. Bg5 Be7 11. Qe2 Qd6 12. Rad1 Qb4 13. c3 Qxe4 14. Qxe4
1-0

[Event "AUTO-INT-1102"]
[Site "http://www.queenalice.com/game.php?id=574347"]
[Date "2009.4.19"]
[Round "2"]
[White "PromotedPawn"]
[Black "WilsonFerreira"]
[Result "0-1"]
[WhiteElo "1831"]
[BlackElo "1992"]

1. e4 e5 2. Nf3 Nc6 3. Bb5 d6 4. d4 Bd7 5. Nc3 exd4 6. Nxd4 Nf6 7. O-O Ne5 8.
Bg5 Be7 9. Re1 c6 10. Be2 O-O 11. Nf5 Bxf5 12. exf5 h6 13. Bf4 Qc8 0-1

[Event "AUTO-ADV-1183"]
[Site "http://www.queenalice.com/game.php?id=629804"]
[Date "2009.8.3"]
[Round "2"]
[White "simonjscott"]
[Black "PromotedPawn"]
[Result "1-0"]
[WhiteElo "2059"]
[BlackElo "1857"]

1. d4 d5 2. c4 e6 3. Nc3 c6 4. Nf3 Nf6 5. Bg5 h6 6. Bh4 dxc4 7. e4 g5 8. Bg3 b5
9. Be2 Bb7 10. Ne5 Nbd7 11. O-O Bd6 12. Nxd7 Bxg3 13. Nxf6+ Qxf6 14. fxg3 Qd8
15. Bh5 Qd6 16. e5 Qb4 17. Bxf7+ Ke7 18. Qf3 Rhf8 19. Qf6+ Kd7 20. Bxe6+ Kc7 21.
Qg7+ Kb6 22. Rxf8 Rxf8 23. Rd1 Re8 24. Qd7 Rf8 25. Qd6 Qxd6 26. exd6 Rf6 27. Re1
b4 28. Na4+ Kb5 29. Nc5 Ba6 30. Nxa6 c3 31. bxc3 bxc3 32. d7 Rf8 33. Bb3 Rd8 34.
Nc5 a5 35. Re8 c2 36. Bxc2 1-0

[Event "AUTO-ADV-1183"]
[Site "http://www.queenalice.com/game.php?id=629805"]
[Date "2009.8.3"]
[Round "2"]
[White "PromotedPawn"]
[Black "simonjscott"]
[Result "0-1"]
[WhiteElo "1849"]
[BlackElo "2018"]

1. e4 e6 2. d4 d5 3. Nd2 c5 4. Ngf3 Nc6 5. exd5 exd5 6. Bb5 Bd6 7. dxc5 Bxc5 8.
O-O Ne7 9. Nb3 Bd6 10. Re1 O-O 11. Bg5 Bg4 12. h3 Bh5 13. Bd3 Ne5 14. Bb5 f6 15.
Be3 Qc8 16. Nbd2 N7g6 17. c3 Nxf3+ 18. Nxf3 Ne7 19. Qa4 Bxf3 20. Bd7 Qc7 21.
Be6+ Kh8 22. gxf3 Be5 23. Qd7 Qxd7 24. Bxd7 Rad8 25. Bf5 Nxf5 26. Bxa7 d4 27.
Bb6 Rd7 28. Rac1 d3 29. Rcd1 Re8 30. a4 Kg8 31. b4 Kf7 32. c4 d2 33. Re2 Bh2+
34. Kf1 Rxe2 35. Kxe2 Bf4 36. b5 Re7+ 37. Kf1 Nh4 38. Bc5 Re6 39. a5 Nxf3 40.
Be3 Bxe3 41. fxe3 Rxe3 42. Kf2 Re1 43. Rxe1 dxe1=Q+ 44. Kxf3 Qxa5 0-1

[Event "AUTO-ADV-1183"]
[Site "http://www.queenalice.com/game.php?id=629808"]
[Date "2009.8.3"]
[Round "2"]
[White "Soncini"]
[Black "PromotedPawn"]
[Result "0-1"]
[WhiteElo "1626"]
[BlackElo "1850"]

1. d4 d5 2. e3 Nf6 3. Bd3 Nc6 4. f4 Nb4 5. Nf3 Nxd3+ 6. cxd3 Bg4 7. Qa4+ c6 8.
O-O e6 9. Ne5 Be2 10. Rf2 Bh5 11. Bd2 Be7 12. Bb4 O-O 13. Bxe7 Qxe7 14. Nd2 Ng4
15. Nxg4 Bxg4 16. e4 Qh4 17. Nf3 b5 0-1

[Event "AUTO-ADV-1183"]
[Site "http://www.queenalice.com/game.php?id=629809"]
[Date "2009.8.3"]
[Round "2"]
[White "PromotedPawn"]
[Black "Soncini"]
[Result "1-0"]
[WhiteElo "1842"]
[BlackElo "1634"]

1. e4 e5 2. Nf3 d6 3. d4 Nd7 4. dxe5 dxe5 5. Qd5 c6 6. Qd1 Be7 7. Bc4 Ngf6 8.
Nc3 b5 9. Bb3 Qc7 10. Bg5 Nc5 11. O-O b4 12. Ne2 Nfxe4 13. Be3 Nxb3 14. axb3 f5
15. c3 bxc3 16. bxc3 a5 17. b4 1-0

[Event "AUTO-ADV-1183"]
[Site "http://www.queenalice.com/game.php?id=629812"]
[Date "2009.8.3"]
[Round "2"]
[White "PromotedPawn"]
[Black "alexrs"]
[Result "1-0"]
[WhiteElo "1813"]
[BlackElo "1783"]

1. e4 e5 2. Nf3 d6 3. d4 exd4 4. Nxd4 Nf6 5. Nc3 c5 6. Nf5 Bxf5 7. exf5 Be7 8.
Bb5+ Nbd7 9. O-O O-O 10. Bf4 a6 11. Bc4 1-0

[Event "AUTO-ADV-1183"]
[Site "http://www.queenalice.com/game.php?id=629813"]
[Date "2009.8.3"]
[Round "2"]
[White "alexrs"]
[Black "PromotedPawn"]
[Result "0-1"]
[WhiteElo "1768"]
[BlackElo "1828"]

1. d4 d5 2. e3 Nf6 3. Nf3 c5 4. c3 Qc7 5. Be2 g6 6. O-O Bg7 7. dxc5 Qxc5 8. Qb3
O-O 9. Rd1 Nc6 10. c4 Bg4 0-1